000 00184nam a22000857a 4500
003 SGT
245 _aBRITISH JOURNAL OF SURGERY
260 _aUK
_bOXFORD UNIVERSITY
_c2021
942 _2ddc
_cBV
999 _c24409
_d24409